书目信息 |
| 题名: |
经济法责任研究
|
|
| 作者: | 石金平 著 | |
| 分册: | ||
| 出版信息: | 北京 法律出版社 2013 |
|
| 页数: | 261页 | |
| 开本: | 21cm | |
| 丛书名: | ||
| 单 册: | ||
| 中图分类: | D922.290.4 | |
| 科图分类: | ||
| 主题词: | 经济法--研究--中国 , 经济法 | |
| 电子资源: | ||
| ISBN: | 978-7-5118-5715-6 | |
| 000 | 01230nam0 2200253 450 | |
| 001 | 519 | |
| 005 | 20140908081453.15 | |
| 010 | @a978-7-5118-5715-6@dCNY24.00 | |
| 100 | @a20140408d2013 kemy0chiy50 ea | |
| 101 | 0 | @achi@deng |
| 102 | @aCN@b110000 | |
| 105 | @ay v 000yy | |
| 106 | @ar | |
| 200 | 1 | @a经济法责任研究@AJing Ji Fa Ze Ren Yan Jiu@e以“国家调节说”为视角@EYi“ Guo Jia Diao Jie Shuo” Wei Shi Jiao@dStudy on the economic law liability from the perspective of National adjustment theory@f石金平著@FShi Jin Ping Zhu@zeng |
| 210 | @a北京@c法律出版社@d2013 | |
| 215 | @a261页@d21cm | |
| 330 | @a本书对散落在289个经济法律、法规、规章中的经济法责任条款进行全面分析,以实证的方式揭示了三大类别经济法规范在经济法责任规定方面的不同特点,归纳了经济法责任独有形式,寻找了经济法责任构成要件特点,总结出经济法主体特有的社会中间层兼具调节者与被调节者的双重性格,以及归责原则体系,证明了经济法责任独立性。 | |
| 510 | 1 | @aStudy on the economic law liability from the perspective of National adjustment theory@zeng |
| 606 | 0 | @a经济法@x研究@y中国 |
| 606 | 0 | @a经济法 |
| 690 | @aD922.290.4@v5 | |
| 701 | 0 | @a石金平@AShi Jin Ping@f(1956~)@4著 |
| 801 | 0 | @aCN@bTANGWEI@c20140603 |
| 905 | @b0839002-04@dD922.290.4@e1108@f3 | |
| 经济法责任研究:以“国家调节说”为视角=Study on the economic law liability from the perspective of National adjustment theory/石金平著.-北京:法律出版社,2013 |
| 261页;21cm |
| ISBN 978-7-5118-5715-6:CNY24.00 |
| 本书对散落在289个经济法律、法规、规章中的经济法责任条款进行全面分析,以实证的方式揭示了三大类别经济法规范在经济法责任规定方面的不同特点,归纳了经济法责任独有形式,寻找了经济法责任构成要件特点,总结出经济法主体特有的社会中间层兼具调节者与被调节者的双重性格,以及归责原则体系,证明了经济法责任独立性。 |
| ● |
| 相关链接 |
|
|
|
|
正题名:经济法责任研究
索取号:D922.290.4/1108
 
预约/预借
| 序号 | 登录号 | 条形码 | 馆藏地/架位号 | 状态 | 备注 |
| 1 | 0839002 | 208390025 | 第一样本阅览室/ [索取号:D922.290.4/1108] | 在馆 | |
| 2 | 0839003 | 208390034 | 第一借阅区/ [索取号:D922.290.4/1108] | 在馆 | |
| 3 | 0839004 | 208390043 | 密集书库-史法系/ [索取号:D922.290.4/1108] | 在馆 |